000 00269nam a22001097a 4500
022 _a0 85297 044 7
082 _a332.17 INS
245 _aThe Institute of Bankers
260 _aLondon
_bThe Institute of Bankers
_c1978
300 _a102p.
_bIll. tables. 17cm.
942 _cBK
999 _c20612
_d20612